WWE - Name a Valid Answer #4 - Statistics

General Stats
  • This quiz has been taken 258 times
  • The average score is 13 of 15
Answer Stats
Name a wrestler that ... Valid answer(s) % Correct
has won 3 or more TLC matches CM Punk | Edge | Seth Rollins
93%
faced Ric Flair in one of Flair's Career Threatening matches in 2008 Mr. Kennedy | MVP | Shawn Michaels | Vince McMahon | William Regal
92%
won the United States Championship between 2020 and 2022 Apollo Crews | Austin Theory | Bobby Lashley | Damian Priest | Finn Balor | Matt Riddle | Seth Rollins | Sheamus
91%
has eliminated 40 or more wrestlers from the Royal Rumble (in total appearances) Kane | The Undertaker
91%
has won any version of a WWE Tag Team Championship with John Cena Batista | David Otunga | The Miz | Shawn Michaels
90%
has won 3 or more Elimination Chamber matches Daniel Bryan | John Cena | Triple H
89%
has been the sole survivor of a Survivor Series elimination match twice or more Dolph Ziggler | Hulk Hogan | Randy Orton | Ric Flair | The Rock | Roman Reigns | The Ultimate Warrior
87%
won the King of the Ring tournament in the 2010s Bad News Barrett | Baron Corbin | Sheamus
86%
won any title on Smackdown Live in 2017 AJ Styles | Alexa Bliss | Big E | Charlotte Flair | Dean Ambrose | Jey Uso | Jimmy Uso | Kevin Owens | Kofi Kingston
85%
held the position of the General Manager of ECW Armando Estrada | Paul Heyman | Theodore Long | Tiffany
83%
has main evented the Over the Limit PPV Batista | John Cena | John Laurinaitis | The Miz
81%
won any version of a Tag Team Championship in 2006 Brian Kendrick | Edge | Johnny | Kenny | Mikey | Mitch | Nicky | Paul London | Randy Orton | Ric Flair | Roddy Piper
80%
faced Chyna in a match for the Women's Championship Ivory | Lita
74%
won the Cruiserweight Championship between 2005 and 2007 Chavo Guerrero | Gregory Helms | Hornswoggle | Juventud | Kid Kash | Nunzio | Paul London
73%
won the Women's Tag Team Championship in 2021 Carmella | Natalya | Nia Jax | Nikki A.S.H. | Queen Zelina | Rhea Ripley | Shayna Baszler | Tamina
72%
No matching quizzes found
Score Distribution
Percent of People with Each Score
Percentile by Number Answered
Your Score History
You have not taken this quiz